LEADER 01170nam a2200253 u 4500 001 000000040324 003 CaOOAMICUS 005 20130416161044.0 008 980526s1911 gr u000 u gre u 035 $a10796314 040 $aPUL(R)$bita 100 1 $aMompherratos, Antonios G.,$d1852-1924.$0(OLS)http://pul/name/29780 245 10$aAntoniou G. Mompherratou ectelestai ton diathekon :$bmeleto tou astikou kai kanonikou dikaiou. 246 30$aEctelestai ton diathekon 260 $aen Athenai :$bek ton typographeion tes ephemeridos "Athenai",$c1911. 300 $a75 p. ;$c24 cm 650 4$aDiritto canonico.$0(OLS)http://pul/subject/1294 850 $aPUL 852 $aPUL$W1$xDP2 Diritto e Scienze Sociali 1$y65$m173 I 8$j54822$nBK-PRI$qStampati$B54822$CPULBib$Z2$F54822 $82 941 1 $a8 961 $aEx libris: Evaristi Carusi 996 $6245$aAntoniou G. Mompherratou ectelestai ton diathekon :$bmeleto tou astikou kai kanonikou dikaiou$9(OLS)http://pul/title/54443 996 $6246$aEctelestai ton diathekon$9(OLS)http://pul/title/54444 996 $6260$aen Athenai :$bek ton typographeion tes ephemeridos "Athenai"$9(OLS)http://pul/publisher/64298 LEADER 01482nam a2200301 u 4500 001 000000045865 003 CaOOAMICUS 005 20120921125829.0 008 990617m19551961be u000 u lat u 035 $a10827232 040 $aEFR$bita 041 1 $alat$asyr 100 0 $aDionysius bar ?al?b?,$cvesc.,$dm. 1171.$0(OLS)http://pul/name/4290 245 10$aExpositio liturgiae /$cDiosynius bar ?alibi ; edidit [-interpretatus est] H. Labourt. 260 $aLouvain :$bSecrétariat du CorpusSCO,$c1955-1961. 300 $a2 v.$c25 cm 490 1 $aCorpus scriptorum Christianorum Orientalium ;$v13-14.$aScriptores syri. ;$vt. 13-14 500 $aRéimpression anastitique de l'édition de: 1903 (t. 13-14). 505 0 $aT. 13. [Texte]. -- t. 14. [Traduction]. 700 1 $aLabourt, Jérôme,$csac.,$dn. 1874.$0(OLS)http://pul/name/9164 830 0$aCorpus scriptorum Christianorum Orientalium ;$vv. 13-14.$0(OLS)http://pul/title/40 830 0$aCorpus scriptorum Christianorum Orientalium.$pScriptores Syri ;$vt. 13-14.$0(OLS)http://pul/title/600 850 $aPUL 852 $aPUL$W1$xSL Religione 1$y3$m10(3) H 13-14$j61565$nBK-PRI$qStampati$B61565$CPULBib$Z2$F61565 $82 852 $aPUL$W1$xSL Religione 1$y3$m10(3) H 13-14$j61565$nBK-PRI$qStampati$B61566$CPULBib$Z2$F61566 $82 941 1 $a8 996 $6245$aExpositio liturgiae$9(OLS)http://pul/title/61854 996 $6260$aLouvain :$bSecrétariat du CorpusSCO$9(OLS)http://pul/publisher/47859